Az orosz pszichológiai hadviselés akkor és most műveletek, esetek, módszerek /

Elmentve itt :
Bibliográfiai részletek
Szerző: Eleven Márk
További közreműködők: Révész Béla (Témavezető)
Dokumentumtípus: Szakdolgozat
Megjelent: 2017
Tárgyszavak:
Law
Online Access:http://diploma.bibl.u-szeged.hu/127894
LEADER 00758nta a2200193 i 4500
001 dipl127894
005 20220721144128.0
008 220721s2017 hu om 0|| zxx d
040 |a SZTE Diploma Repozitórium  |b hun 
041 |a zxx 
100 1 |a Eleven Márk 
245 1 3 |a Az orosz pszichológiai hadviselés akkor és most  |h [elektronikus dokumentum] :  |b műveletek, esetek, módszerek /  |c Márk Eleven 
246 1 0 |a The russian psychological warfare then and now: operation, cases, methods  |h [elektronikus dokumentum] 
260 |c 2017 
650 4 |a Jogi és igazgatási tanulmányok 
650 4 |a Social sciences 
650 4 |a Law 
700 1 |a Révész Béla  |e ths 
856 4 0 |u http://diploma.bibl.u-szeged.hu/id/eprint/127894/1/2017_eleven_mark.pdf  |z Dokumentum-elérés